Quizzes
Events
Quiz Creation
Community
Videos
Private Events
Remove Ads
Sign In
Join for FREE
Feedback
Dark Mode
Quiz Categories
Sports
Geography
Music
Movies
Television
Just For Fun
Miscellaneous
History
Literature
Language
Science
Gaming
Entertainment
Religion
Holiday
For Kids
Quiz Lab
Recent
Popular Today
Quiz Kudos Today
Editor Picks
Curator Picks
Quizzes by...
Day
Popularity
Type
Ratings
Length
Year
Community
Subscriptions
Recent Discussions
Orange Saloon
Badges
Playlists
Quests
Create
Leaderboards
Showdown
Live 5
Trivia Bingo
Activity
Puzzle Library
Sporcle Events
Private Events
Virtual Trivia
Globe League
Become a Host
Pub Owners
SporcleCon
Opinionation
Our Games
Videos
Blog
Mobile Apps
Partnerships
Remove Ads and Go Orange
Feedback
Geography
Country
Landmarks
City
State
Population
World
Capital
Continent
Flags
Europe
Africa
Asia
South America
North America
Oceania
Border
Canada
United Kingdom
Topography
United States
Geography
Country
Landmarks
City
State
Population
World
Capital
Continent
Flags
Europe
Africa
Asia
South America
North America
Oceania
Border
Canada
United Kingdom
Topography
United States
Random Quiz
Search Sporcle
×
Quiz Lab
Quiz Lab
Geography
Population
Type in answers that appear in a list
Type in answers that appear in a list
Classic
Best Score? Go Orange.
Myanmar (Burmese) Divisions Stats
Name the divisions of Myanmar (Burma).
By
LekgoloSlayer
5m
20 Questions
29 Plays
29 Plays
29 Plays
Comments
Comments
Give Quiz Kudos
Give Quiz Kudos
-
- Ratings
hide this ad
More Info
Replay
Link that replays current quiz
Next Quiz
Link to next quiz in quiz playlist
You Got
0%
They Got
Avg Score
55%
Avg Friend Score
Upgrade to see
Score Distribution
Jump to the score distribution portion of the page
Score
0/20
Timer
05:00
0
Plays Today
Population
Administrative Division
% Correct
7,360,703
Yangon
93.1%
6,165,72
Mandalay
75.9%
3,188,807
Rakhine
72.4%
5,824,432
Shan
72.4%
478,801
Chin
69%
1,160,242
Naypyidaw
69%
1,689,441
Kachin
65.5%
2,054,393
Mon
65.5%
4,867,373
Bago
55.2%
5,325,347
Sagain
55.2%
Population
Administrative Division
% Correct
286,627
Kayah
51.7%
1,574,079
Kayin
51.7%
3,917,055
Magway
51.7%
558,000
Wa
48.3%
62,766
Naga
44.8%
1,408,401
Tanintharyi
37.9%
161,835
Danu
34.5%
123,733
Kokang
34.5%
6,184,829
Ayeyarwady
31%
110,805
Pa Laung
31%
Quiz Playlist
Details
Report
Send in Message
Add To Playlist
More Info:
Any suggestions/alternate spellings are greatly appreciated.
Classic:
Type in answers that appear in a list
Quiz Source
Last Updated: Dec 2, 2018
Quiz Scoreboard
CHALLENGE
Sign Up to Join the Scoreboard
Show All
Scores
Hide
Comments
May contain spoilers
Recently Published
Presidents Visiting Landmarks
by Hejman
History
7m
An Introduction to Baseball
by treessimontrees
Sports
5m
Movies - When Are They Set?
by FPL_Elf
Movies
5m
More to Explore
Quiz From the Vault
Featured Blog Post
Where Did the Easter Bunny Come From?
hide this ad
You Might Also Like...
Tags
Population Quiz
State Quiz
Myanmar
Province
Territory
Union Territories
Zone
Today's Top Quizzes in Geography
Browse Geography
hide this ad
Today's Top Quizzes in Population
Browse Population
Top Contributed Quizzes in Geography
1
Countries of the World - No Outlines Minefield
2
Top 25 Cities of France on a map
3
Any capital of a 'B' country per Continent
4
Closest Countries to UK A-Z
5
Any capital of a 'C' country per Continent
6
One Thing in Common: United Kingdom
7
Any capital of a 'D' country per Continent
8
Find the Provinces of Canada - No Outlines Minefield
9
5-to-1: US Geography No Hints
10
Any capital of an 'E' country per Continent
Explore More
Trending Topics
Kpop
Disney
NBA
Harry Potter
Anime
Crossword
Marvel
NFL
Puzzle
Country
Pokémon
Soccer
Song
WWE
The Office
hide this ad
More By:
LekgoloSlayer
Quiz
Plays
Rating
Category
Featured
Created
Divisions of Bangladesh on a Map
16,986
4.80
Geography
Sep 26, 2017
France Departments (Map)
7,730
5.00
Geography
Jun 22, 2018
Russian Federal Subjects (Map)
5,152
4.94
Geography
Sep 19, 2017
Spain Provinces (Map)
4,460
4.38
Geography
Apr 9, 2018
Japanese Regions (Map)
3,621
5.00
Geography
Sep 21, 2017
Go to Creator's Profile
Score Distribution
Quiz Creator Spotlight
LekgoloSlayer
Follow
Send a Message
Quizzes Created
-
Created Quiz Play Count
-
More By This Creator
Popular Quizzes Today
1
Find the US States - No Outlines Minefield
2
Find the Countries of Europe - No Outlines Minefield
3
The Countries of the World
4
Find the US States
5
Popular People in 1961
6
US States
7
Risky Map Clicking: Biggest States A-Z
8
Movies - When Are They Set?
More Geography Quizzes
Missing Country Blitz XV
Quiz Lab
Trending Quizzes
Risky Map Clicking: Least Populous States A-Z
1-10 Letter G Words
1-10 Letter F Words
Risky Map Clicking: Next State Alphabetically
Risky Map Clicking: Biggest States A-Z
Recently Updated
Leaping Animals
pecheneg
Reality TV Shows (A-Z)
bhenderson79
Rickey Henderson's Hall of Fame Teammates
pecheneg
Champions League XIs: Arsenal
pecheneg
Quick Pick: Celebrities in WWE's Hall of Fame
aduchscher
A-Z Keypad Blitz II
pecheneg
Multiple Oscar Actors
pecheneg
Mystery Phrase Blitz: Oscar 'Best Actors'
pecheneg
F. Scott Fitzgerald Novels
LTH
Pick 3 Villains
ddd62291
Trending Topics
Kpop
Harry Potter
Anime
Disney
Crossword
Marvel
NBA
WWE
Soccer
Song
Country
Pokémon
The Office
NFL
Puzzle
Your Account Isn't Verified!
In order to create a playlist on Sporcle, you need to verify the email address you used during registration. Go to your
Sporcle Settings
to finish the process.
Report this User
Report this user for behavior that violates our
Community Guidelines
.
Details:
Send Report
Go to the Sporcle.com Mobile Site →
Comments